[Event "Travemuende op 29th"]
[Site "Travemuende"]
[Date "2012.12.29"]
[Round "5"]
[White "Cordes, Hans Joerg"]
[Black "Patzer, Stefan"]
[Result "1-0"]
[WhiteElo "2269"]
[BlackElo "2112"]
[PlyCount "73"]
[EventDate "2012.12.27"]
[EventType "swiss"]
[EventRounds "7"]
[EventCountry "GER"]
[SourceTitle "CBM 152 Extra"]
[Source "ChessBase"]
[SourceDate "2013.02.25"]
[SourceVersion "1"]
[SourceVersionDate "2013.02.25"]
[SourceQuality "1"]

1. d4 f5 2. Nf3 Nf6 3. g3 g6 4. Bg2 Bg7 5. 0-0 0-0 6. c3 c6 7. Nbd2 d5 8. Ne5 Nbd7 9. Nd3 e5 10. Nxe5 Nxe5 11. dxe5 Ng4 12. Nf3 Nxe5 13. Nxe5 Bxe5 14. Bf4 Bxf4 15. gxf4 Qb6 16. b4 a5 17. Rb1 Qc7 18. Qd2 Be6 19. b5 Bf7 20. Rb2 Rfd8 21. bxc6 bxc6 22. Rfb1 Rab8 23. e3 a4 24. a3 Qd6 25. Rb4 Rxb4 26. cxb4 c5 27. bxc5 Qxc5 28. Rb4 Be8 29. Bf3 Bc6 30. Qb2 Kf7 31. h3 Re8 32. Kh2 Qd6 33. Qd4 Ke6 34. Rb6 g5 35. Bd1 gxf4 36. exf4 Kf7 37. Bh5+ 1-0

[Event "Bargteheide op"]
[Site "Bargteheide"]
[Date "2012.05.17"]
[Round "2"]
[White "Patzer, Stefan"]
[Black "Schmidt, Harald"]
[Result "0-1"]
[WhiteElo "2103"]
[BlackElo "2368"]
[PlyCount "104"]
[EventDate "2012.05.17"]
[EventType "swiss"]
[EventRounds "7"]
[EventCountry "GER"]
[SourceTitle "CBM 148 Extra"]
[Source "ChessBase"]
[SourceDate "2012.06.22"]
[SourceVersion "1"]
[SourceVersionDate "2012.06.22"]
[SourceQuality "1"]

1. f4 c5 2. Nf3 Nc6 3. g3 d5 4. Bg2 Nf6 5. d3 b6 6. 0-0 Bb7 7. Nc3 e6 8. e4 dxe4 9. dxe4 Nd4 10. e5 Nd5 11. Nxd4 cxd4 12. Ne2 Bc5 13. Nxd4 Ba6 14. Re1 0-0 15. c3 Rc8 16. h3 Qd7 17. Kh2 Rfd8 18. Nb3 Bf2 19. Rh1 b5 20. Qe2 Bb6 21. Bd2 Qc6 22. Rac1 b4 23. Qe4 Qa4 24. Ra1 Rc4 25. Qf3 bxc3 26. bxc3 Rdc8 27. Rhc1 g6 28. Bf1 R4c7 29. Bxa6 Qxa6 30. g4 Qa3 31. Kg3 a5 32. c4 Rxc4 33. Rxc4 Rxc4 34. Nxa5 Qxf3+ 35. Kxf3 Bxa5 36. Bxa5 Rxf4+ 37. Kg3 Ra4 38. Bd2 Ra3+ 39. Kg2 h5 40. Bc1 Ra4 41. Kf3 Nb4 42. gxh5 gxh5 43. Bd2 Nd3 44. Rg1+ Kf8 45. Bh6+ Ke8 46. Rg5 Ra3 47. Rxh5 Nxe5+ 48. Ke4 Ra4+ 49. Ke3 f5 50. Bg5 Kf7 51. h4 Kg7 52. Ke2 Nf7 0-1

[Event "Nord West Cup 14th"]
[Site "Bad Zwischenahn"]
[Date "2012.01.28"]
[Round "5"]
[White "Schuette, Marc"]
[Black "Patzer, Stefan"]
[Result "1-0"]
[WhiteElo "2224"]
[BlackElo "2085"]
[PlyCount "45"]
[EventDate "2012.01.26"]
[EventType "swiss"]
[EventRounds "7"]
[EventCountry "GER"]
[SourceTitle "EXT 2013"]
[Source "ChessBase"]
[SourceDate "2012.11.22"]
[SourceVersion "1"]
[SourceVersionDate "2012.11.22"]
[SourceQuality "1"]

1. e4 d5 2. exd5 Qxd5 3. Nf3 e5 4. Nc3 Qa5 5. Bc4 Bd6 6. d3 c6 7. Ng5 Nh6 8. Nge4 Be7 9. Bxh6 gxh6 10. Qh5 Rf8 11. 0-0 Qc7 12. f4 exf4 13. Rae1 Kd8 14. Qxh6 f5 15. Ng5 Na6 16. Kh1 b5 17. Nf7+ Ke8 18. Nxb5 cxb5 19. Bxb5+ Kxf7 20. Qxh7+ Kf6 21. Bc4 Qxc4 22. Qxe7+ Kg6 23. dxc4 1-0

[Event "GER-ch U25"]
[Site "Willingen"]
[Date "2007.05.31"]
[Round "8"]
[White "Patzer, Stefan"]
[Black "Nuber, Blasius"]
[Result "1/2-1/2"]
[WhiteElo "2051"]
[BlackElo "2026"]
[PlyCount "38"]
[EventDate "2007.05.26"]
[EventType "swiss"]
[EventRounds "9"]
[EventCountry "GER"]
[SourceTitle "CBM 118 Extra"]
[Source "ChessBase"]
[SourceDate "2007.07.04"]
[SourceVersion "1"]
[SourceVersionDate "2007.07.04"]
[SourceQuality "1"]

1. Nf3 d5 2. b3 c5 3. Bb2 Nc6 4. e3 Nf6 5. Bb5 Bd7 6. 0-0 e6 7. d3 Be7 8. Nbd2 0-0 9. Bxc6 Bxc6 10. Ne5 Nd7 11. Nxc6 bxc6 12. e4 f5 13. f4 Bf6 14. e5 Be7 15. Qf3 g5 16. fxg5 Bxg5 17. Qf2 Kh8 18. Nf3 Rg8 19. Rae1 Bf4 1/2-1/2

[Event "GER-ch U25"]
[Site "Willingen"]
[Date "2007.05.29"]
[Round "6"]
[White "Patzer, Stefan"]
[Black "Voss, Chantal"]
[Result "1-0"]
[WhiteElo "2051"]
[BlackElo "1665"]
[PlyCount "57"]
[EventDate "2007.05.26"]
[EventType "swiss"]
[EventRounds "9"]
[EventCountry "GER"]
[SourceTitle "CBM 118 Extra"]
[Source "ChessBase"]
[SourceDate "2007.07.04"]
[SourceVersion "1"]
[SourceVersionDate "2007.07.04"]
[SourceQuality "1"]

1. e4 e6 2. d4 d5 3. Nd2 Nf6 4. e5 Nfd7 5. c3 c5 6. f4 Nc6 7. Ndf3 cxd4 8. cxd4 Qb6 9. a3 Be7 10. b4 a6 11. Bb2 Na7 12. Qb3 Nb8 13. Ne2 Bd7 14. Nc3 0-0 15. Bd3 Rc8 16. 0-0 Qd8 17. f5 b5 18. Rae1 Nac6 19. Nxd5 exd5 20. Qxd5 Be8 21. Qe4 f6 22. d5 Qb6+ 23. Kh1 Nxe5 24. Nxe5 fxe5 25. f6 Bxf6 26. Qxh7+ Kf8 27. Rxe5 Qd8 28. Qh8+ Kf7 29. Bg6+ 1-0

[Event "GER-ch U25"]
[Site "Willingen"]
[Date "2007.05.29"]
[Round "5"]
[White "Yin, Stanley"]
[Black "Patzer, Stefan"]
[Result "0-1"]
[WhiteElo "1932"]
[BlackElo "2051"]
[PlyCount "72"]
[EventDate "2007.05.26"]
[EventType "swiss"]
[EventRounds "9"]
[EventCountry "GER"]
[SourceTitle "CBM 118 Extra"]
[Source "ChessBase"]
[SourceDate "2007.07.04"]
[SourceVersion "1"]
[SourceVersionDate "2007.07.04"]
[SourceQuality "1"]

1. Nf3 f5 2. c3 d6 3. d3 e5 4. Na3 Nf6 5. g3 c6 6. Bg2 e4 7. dxe4 fxe4 8. Nd2 d5 9. Nc2 Bc5 10. 0-0 0-0 11. h3 Nbd7 12. Nb3 Bb6 13. Be3 Bc7 14. Nbd4 Ne5 15. a4 Qe8 16. f4 Nc4 17. b3 Nxe3 18. Nxe3 Nh5 19. Qe1 Qg6 20. Kh2 Bd7 21. Nd1 c5 22. Nc2 b5 23. a5 Qh6 24. e3 Nf6 25. Nf2 g5 26. c4 gxf4 27. gxf4 Nh5 28. Nh1 d4 29. Bxe4 Bxh3 30. Rg1+ Kh8 31. Qh4 Rae8 32. Kxh3 Rxe4 33. Ng3 Rfxf4 34. exf4 Nxf4+ 35. Kg4 Ng6+ 36. Nxe4 Qxh4+ 0-1

[Event "GER-ch U25"]
[Site "Willingen"]
[Date "2005.05.16"]
[Round "4"]
[White "Banik, Thorsten"]
[Black "Patzer, Stefan"]
[Result "1-0"]
[WhiteElo "2107"]
[BlackElo "1997"]
[PlyCount "52"]
[EventDate "2005.05.14"]
[EventType "swiss"]
[EventRounds "9"]
[EventCountry "GER"]
[SourceTitle "CBM 106 Extra"]
[Source "ChessBase"]
[SourceDate "2005.07.01"]
[SourceVersion "1"]
[SourceVersionDate "2005.07.01"]
[SourceQuality "1"]

1. d4 f5 2. g3 Nf6 3. Bg2 e6 4. Nh3 d5 5. Nf4 Bd6 6. Nd3 0-0 7. Nd2 Nbd7 8. Nf3 c6 9. c3 Qe8 10. Nfe5 Bxe5 11. dxe5 Ng4 12. f4 Qe7 13. h3 Nh6 14. Be3 c5 15. Qc2 a5 16. c4 d4 17. Bf2 g5 18. e3 dxe3 19. Bxe3 gxf4 20. Bxf4 Nf7 21. 0-0-0 Rb8 22. g4 b5 23. gxf5 Nb6 24. f6 Qe8 25. Be4 Bb7 26. Qg2+ Ng5 1-0

[Event "Schleswig Holstein-ch U25"]
[Site "Neumuenster"]
[Date "2005.03.22"]
[Round "6"]
[White "Meifert, Thomas"]
[Black "Patzer, Stefan"]
[Result "1/2-1/2"]
[WhiteElo "1584"]
[BlackElo "1984"]
[PlyCount "28"]
[EventDate "2005.03.19"]
[EventType "swiss"]
[EventRounds "9"]
[EventCountry "GER"]
[SourceTitle "EXT 2007"]
[Source "ChessBase"]
[SourceDate "2006.11.23"]
[SourceVersion "1"]
[SourceVersionDate "2006.11.23"]
[SourceQuality "1"]

1. d4 f5 2. c3 e6 3. Nf3 Nf6 4. Bf4 d5 5. Nbd2 Bd6 6. Ne5 0-0 7. Ndf3 Qe8 8. e3 h6 9. h3 Nc6 10. Bb5 Bd7 11. Nxd7 Nxd7 12. Qa4 Nb6 13. Bxc6 Nxa4 14. Bxe8 Rfxe8 1/2-1/2

[Event "Schleswig Holstein-ch U25"]
[Site "Neumuenster"]
[Date "2005.03.20"]
[Round "3"]
[White "Patzer, Stefan"]
[Black "Schwarz, Dennis"]
[Result "1-0"]
[WhiteElo "1984"]
[BlackElo "1534"]
[PlyCount "57"]
[EventDate "2005.03.19"]
[EventType "swiss"]
[EventRounds "9"]
[EventCountry "GER"]
[SourceTitle "EXT 2007"]
[Source "ChessBase"]
[SourceDate "2006.11.23"]
[SourceVersion "1"]
[SourceVersionDate "2006.11.23"]
[SourceQuality "1"]

1. e4 e5 2. Nf3 Nf6 3. c3 Nxe4 4. Qe2 Nf6 5. Nxe5 Qe7 6. d4 d6 7. Nf3 Qxe2+ 8. Bxe2 Be7 9. Bf4 Bf5 10. Nbd2 Nbd7 11. 0-0-0 0-0-0 12. Rhe1 h6 13. Bc4 Nh5 14. Rxe7 Nxf4 15. Rxf7 Rhf8 16. Rxg7 d5 17. Bf1 Rde8 18. Nh4 Bd3 19. Bxd3 Nxd3+ 20. Kc2 Nxf2 21. Rf1 Re2 22. Ng6 Rfe8 23. Nf4 Rxd2+ 24. Kxd2 Nf6 25. Rg6 N6e4+ 26. Kc2 h5 27. Nxd5 Ng4 28. h3 Ng3 29. Rf3 1-0

[Event "Leipzig VfB op 12th"]
[Site "Leipzig"]
[Date "2005.03.03"]
[Round "4"]
[White "Patzer, Stefan"]
[Black "Witte, Matthias"]
[Result "1/2-1/2"]
[WhiteElo "1984"]
[BlackElo "2065"]
[PlyCount "70"]
[EventDate "2005.01.03"]
[EventType "swiss"]
[EventRounds "9"]
[EventCountry "GER"]
[SourceTitle "EXT 2008"]
[Source "ChessBase"]
[SourceDate "2007.11.25"]
[SourceVersion "1"]
[SourceVersionDate "2007.11.25"]
[SourceQuality "1"]

1. e4 d5 2. exd5 Qxd5 3. Nc3 Qa5 4. d4 c6 5. Bc4 Bf5 6. Nf3 Nf6 7. 0-0 e6 8. Bd2 Nbd7 9. Nd5 Qd8 10. Ne3 Bg6 11. c3 Bd6 12. a4 Qc7 13. h3 Nb6 14. a5 Nbd5 15. b4 0-0 16. Nh4 Be4 17. f3 Bg6 18. Ng4 Nh5 19. Nxg6 hxg6 20. Bxd5 cxd5 21. Re1 Bg3 22. Re2 Nf4 23. Bxf4 Bxf4 24. Qd3 Rac8 25. Ra3 Qd6 26. Rb3 Rc7 27. Ne5 Rfc8 28. Kf2 Qe7 29. g3 Bxe5 30. dxe5 Rc4 31. Qe3 a6 32. Rd2 Qc7 33. Rd3 Qc6 34. Ra3 Rd8 35. Ra2 Rc8 1/2-1/2

[Event "Travemuende op 21th"]
[Site "Travemuende"]
[Date "2004.12.29"]
[Round "6"]
[White "Patzer, Stefan"]
[Black "Salov, Sergej"]
[Result "1/2-1/2"]
[WhiteElo "1984"]
[BlackElo "2285"]
[PlyCount "49"]
[EventDate "2004.12.27"]
[EventType "swiss"]
[EventRounds "7"]
[EventCountry "GER"]
[SourceTitle "EXT 2006"]
[Source "ChessBase"]
[SourceDate "2005.11.24"]
[SourceVersion "1"]
[SourceVersionDate "2005.11.24"]
[SourceQuality "1"]

1. e4 c5 2. f4 d5 3. exd5 Nf6 4. Nf3 Nxd5 5. d3 g6 6. Be2 Bg7 7. c3 Nc6 8. 0-0 0-0 9. Na3 b6 10. Nc2 Qc7 11. Ng5 e6 12. Bf3 h6 13. Bxd5 exd5 14. Nf3 d4 15. c4 Re8 16. Bd2 Bf5 17. Nce1 h5 18. h3 Bf6 19. Nh2 h4 20. Ng4 Bg7 21. Qf3 Re6 22. Nc2 Rae8 23. Rae1 a5 24. a4 Nb4 25. Nxb4 1/2-1/2

[Event "Schleswig Holstein-ch U25 op"]
[Site "Neumuenster"]
[Date "2004.03.24"]
[Round "7"]
[White "Patzer, Stefan"]
[Black "Matzek, Franz David"]
[Result "0-1"]
[WhiteElo "1986"]
[BlackElo "1404"]
[PlyCount "72"]
[EventDate "2004.03.20"]
[EventType "swiss"]
[EventRounds "9"]
[EventCountry "GER"]
[SourceTitle "EXT 2006"]
[Source "ChessBase"]
[SourceDate "2005.11.24"]
[SourceVersion "1"]
[SourceVersionDate "2005.11.24"]
[SourceQuality "1"]

1. e4 Nf6 2. Bc4 Nxe4 3. Bxf7+ Kxf7 4. Qh5+ g6 5. Qd5+ e6 6. Qxe4 Bg7 7. d4 Re8 8. h4 d5 9. Qf3+ Kg8 10. Bg5 Qd7 11. Ne2 Nc6 12. c3 e5 13. 0-0 e4 14. Qe3 Ne7 15. Ng3 Nf5 16. Nxf5 Qxf5 17. f3 Qe6 18. Qf4 exf3 19. Rxf3 c6 20. Bh6 Qf5 21. Qd6 Qd7 22. Qf4 Qf5 23. Qd2 Bxh6 24. Qxh6 Qg4 25. Nd2 Bf5 26. Rf4 Qg3 27. Nf3 Re2 28. Ne1 Rxe1+ 29. Rxe1 Qxe1+ 30. Kh2 Rf8 31. g4 Qe2+ 32. Kg1 Qd1+ 33. Kh2 Re8 34. Rxf5 Re2+ 35. Kg3 Qg1+ 36. Kf3 Qf2# 0-1

[Event "Schleswig Holstein-ch U25 op"]
[Site "Neumuenster"]
[Date "2004.03.21"]
[Round "3"]
[White "Patzer, Stefan"]
[Black "Hundt, Stefan"]
[Result "1-0"]
[WhiteElo "1986"]
[BlackElo "1559"]
[PlyCount "61"]
[EventDate "2004.03.20"]
[EventType "swiss"]
[EventRounds "9"]
[EventCountry "GER"]
[SourceTitle "EXT 2006"]
[Source "ChessBase"]
[SourceDate "2005.11.24"]
[SourceVersion "1"]
[SourceVersionDate "2005.11.24"]
[SourceQuality "1"]

1. e4 c6 2. f4 d5 3. exd5 cxd5 4. d4 Nf6 5. Bd3 Nc6 6. c3 a6 7. Na3 e6 8. Nc2 Qc7 9. Nf3 Be7 10. 0-0 0-0 11. Ne5 Ne4 12. Qf3 f5 13. Qh3 Nxe5 14. Bxe4 dxe4 15. fxe5 Rf7 16. Qg3 Kh8 17. Bg5 Bf8 18. h4 h6 19. Qh3 Bd7 20. Ne3 Be8 21. Bf4 Rc8 22. g4 g6 23. gxf5 gxf5 24. Kh2 Qb6 25. Rf2 Bg7 26. Rg1 Bb5 27. Rfg2 Rg8 28. Bxh6 Qc7 29. Bf4 Rgf8 30. h5 Kh7 31. h6 1-0

[Event "Schleswig Holstein-ch U25 op"]
[Site "Neumuenster"]
[Date "2003.03.16"]
[Round "9"]
[White "Schacht, Anja"]
[Black "Patzer, Stefan"]
[Result "0-1"]
[WhiteElo "1055"]
[BlackElo "1912"]
[PlyCount "45"]
[EventDate "2003.03.??"]
[EventType "tourn"]
[EventRounds "9"]
[EventCountry "GER"]
[SourceTitle "EXT 2005"]
[Source "ChessBase"]
[SourceDate "2004.11.15"]
[SourceVersion "1"]
[SourceVersionDate "2004.11.15"]
[SourceQuality "1"]

1. e4 e5 2. Nc3 Nc6 3. Nf3 d6 4. Bc4 Bg4 5. d3 Be7 6. h3 Bh5 7. h4 Nd4 8. Be3 Nxf3+ 9. gxf3 c6 10. d4 exd4 11. Bxd4 Bf6 12. Rg1 Nh6 13. Qe2 Bxd4 14. Rg5 g6 15. Qd3 Bf6 16. Rg3 Bxh4 17. Rh3 Bg5 18. Qd4 Qf6 19. Qxf6 Bxf6 20. 0-0-0 Bxc3 21. bxc3 0-0-0 22. f4 Bxd1 23. Kxd1 0-1

[Event "Schleswig Holstein-ch U25"]
[Site "Neumuenster"]
[Date "2002.04.09"]
[Round "5"]
[White "Brandt, Claudia"]
[Black "Patzer, Stefan"]
[Result "1/2-1/2"]
[WhiteElo "1362"]
[BlackElo "1853"]
[PlyCount "69"]
[EventDate "2002.04.??"]
[EventType "tourn"]
[EventRounds "9"]
[EventCountry "GER"]
[SourceTitle "EXT 2003"]
[Source "ChessBase"]
[SourceDate "2002.11.25"]
[SourceVersion "1"]
[SourceVersionDate "2002.11.25"]
[SourceQuality "1"]

1. g3 f5 2. Nf3 d6 3. d4 Nf6 4. Nc3 e6 5. Bg2 Be7 6. 0-0 0-0 7. Bg5 d5 8. Ne5 Nbd7 9. e3 Nxe5 10. dxe5 Ng4 11. Bxe7 Qxe7 12. Qd4 c5 13. Qf4 g5 14. Qf3 Qf7 15. Qd1 Nxe5 16. f4 Nc4 17. Qc1 g4 18. b3 Nd6 19. Qd1 Qg7 20. Na4 Qc7 21. Nb2 c4 22. Qd4 Nb5 23. Qe5 Qxe5 24. fxe5 cxb3 25. axb3 d4 26. e4 Nc3 27. exf5 exf5 28. Nc4 Ne4 29. Rae1 Nc5 30. b4 Na6 31. Rb1 Rb8 32. Rfe1 Nc7 33. Rbd1 Nb5 34. Nd6 Na3 35. Bd5+ 1/2-1/2

[Event "Schleswig Holstein-ch U20"]
[Site "Neumuenster"]
[Date "2001.04.09"]
[Round "2.1"]
[White "Patzer, Stefan"]
[Black "Patzer, Marco"]
[Result "1-0"]
[WhiteElo "1792"]
[BlackElo "1543"]
[PlyCount "83"]
[EventDate "2001.04.??"]
[EventType "tourn"]
[EventRounds "8"]
[EventCountry "GER"]
[SourceTitle "EXT 2003"]
[Source "ChessBase"]
[SourceDate "2002.11.25"]
[SourceVersion "1"]
[SourceVersionDate "2002.11.25"]
[SourceQuality "1"]

1. e4 e5 2. Nf3 Nc6 3. c3 Nf6 4. d4 exd4 5. e5 Nd5 6. cxd4 d6 7. Bb5 Bd7 8. Bxc6 Bxc6 9. 0-0 Be7 10. h3 0-0 11. Nh2 dxe5 12. dxe5 Bc5 13. Qc2 Bd4 14. e6 fxe6 15. Ng4 e5 16. Nc3 Nxc3 17. bxc3 Bc5 18. Nxe5 Qf6 19. Nxc6 Qxc6 20. Be3 Bxe3 21. fxe3 Qc5 22. Qd3 Rxf1+ 23. Rxf1 c6 24. Kh1 Qe7 25. e4 Rd8 26. Qc4+ Kh8 27. Qf7 Qxf7 28. Rxf7 Rb8 29. Kg1 Kg8 30. Rc7 h6 31. Kf2 Kh7 32. Ke3 Kg6 33. h4 Kf6 34. g4 a6 35. Rd7 g6 36. Rh7 b5 37. h5 gxh5 38. Rxh6+ Kg5 39. Rxh5+ Kxg4 40. Rh6 Kg5 41. Rxc6 Ra8 42. e5 1-0